[Event "HUN-chT2 Charousek 1718"]
[Site "Hungary"]
[Date "2017.12.03"]
[Round "3.10"]
[White "Nagy, Hunor"]
[Black "Bubits, Bence"]
[Result "1/2-1/2"]
[WhiteElo "1953"]
[BlackElo "2112"]
[PlyCount "39"]
[EventDate "2017.10.29"]
[EventType "team-tourn"]
[EventRounds "9"]
[EventCountry "HUN"]
[SourceTitle "EXT 2020"]
[Source "ChessBase"]
[SourceDate "2019.10.17"]
[SourceVersion "1"]
[SourceVersionDate "2019.10.17"]
[SourceQuality "1"]
[WhiteTeam "Gyor Szechenyi"]
[BlackTeam "Csuti Hydro"]
[WhiteTeamCountry "HUN"]
[BlackTeamCountry "HUN"]

1. e4 c5 2. Nf3 Nc6 3. d4 cxd4 4. Nxd4 e5 5. Nb5 Nf6 6. N1c3 d6 7. Bg5 a6 8. Na3 b5 9. Nd5 Be7 10. Bxf6 Bxf6 11. c3 0-0 12. Be2 Bg5 13. 0-0 f5 14. exf5 Bxf5 15. Nc2 Ra7 16. a4 bxa4 17. Ncb4 Nxb4 18. Nxb4 Be4 19. Bc4+ Kh8 20. Bd5 1/2-1/2

[Event "HUN-chT2 Charousek 1415"]
[Site "Hungary"]
[Date "2014.10.12"]
[Round "1"]
[White "Gyarmati, Janos"]
[Black "Bubits, Bence"]
[Result "0-1"]
[WhiteElo "2032"]
[BlackElo "2196"]
[PlyCount "48"]
[EventDate "2014.10.12"]
[EventType "team-tourn"]
[EventRounds "9"]
[EventCountry "HUN"]
[SourceTitle "EXT 2016"]
[Source "ChessBase"]
[SourceDate "2015.10.08"]
[SourceVersion "1"]
[SourceVersionDate "2015.10.08"]
[SourceQuality "1"]
[WhiteTeam "Tapolca"]
[BlackTeam "Csuti"]
[WhiteTeamCountry "HUN"]
[BlackTeamCountry "HUN"]

1. e4 c5 2. Nf3 Nc6 3. Bb5 g6 4. 0-0 Bg7 5. Re1 e5 6. c3 Nge7 7. d3 0-0 8. Be3 d6 9. d4 exd4 10. cxd4 Qb6 11. Bxc6 Nxc6 12. Qc1 cxd4 13. Bh6 Ne5 14. Bxg7 Kxg7 15. Qd2 Nxf3+ 16. gxf3 d5 17. Na3 dxe4 18. fxe4 Be6 19. b3 Rac8 20. Rad1 Rfd8 21. Qb2 Rc3 22. Nc2 Qc5 23. Na3 Qg5+ 24. Kh1 Bg4 0-1

[Event "HUN-chT2 Szechenyi 1314"]
[Site "Hungary"]
[Date "2013.11.17"]
[Round "5.3"]
[White "Finy, Mark"]
[Black "Bubits, Bence"]
[Result "0-1"]
[WhiteElo "1891"]
[BlackElo "2169"]
[PlyCount "42"]
[EventDate "2013.09.08"]
[EventType "team-tourn"]
[EventRounds "11"]
[EventCountry "HUN"]
[SourceTitle "EXT 2016"]
[Source "ChessBase"]
[SourceDate "2015.10.08"]
[SourceVersion "1"]
[SourceVersionDate "2015.10.08"]
[SourceQuality "1"]
[WhiteTeam "Arboretum"]
[BlackTeam "Baki Agrocentrum"]
[WhiteTeamCountry "HUN"]
[BlackTeamCountry "HUN"]

1. d4 Nf6 2. c4 g6 3. Nc3 d5 4. Bf4 Bg7 5. e3 0-0 6. Nf3 c5 7. Be2 Nc6 8. cxd5 Nxd5 9. Bg3 Qa5 10. Qd2 cxd4 11. exd4 Rd8 12. 0-0 Nxc3 13. bxc3 e5 14. Bc4 exd4 15. Qf4 Bf5 16. cxd4 Nxd4 17. Ne5 Rac8 18. Bxf7+ Kf8 19. Rfe1 Qc3 20. Bh4 Ne2+ 21. Rxe2 Qxa1+ 0-1

[Event "HUN-chT2 Charousek 1213"]
[Site "Hungary"]
[Date "2013.03.03"]
[Round "8"]
[White "Bubits, Bence"]
[Black "Palla, Gyorgy"]
[Result "1/2-1/2"]
[WhiteElo "2145"]
[BlackElo "2063"]
[PlyCount "114"]
[EventDate "2012.09.16"]
[EventType "team-tourn"]
[EventRounds "11"]
[EventCountry "HUN"]
[SourceTitle "EXT 2014"]
[Source "ChessBase"]
[SourceDate "2013.11.20"]
[SourceVersion "1"]
[SourceVersionDate "2013.11.20"]
[SourceQuality "1"]
[WhiteTeam "Csuti"]
[BlackTeam "Balatonfuered"]
[WhiteTeamCountry "HUN"]
[BlackTeamCountry "HUN"]

1. d4 Nf6 2. g3 g6 3. Bg2 d5 4. c4 c6 5. cxd5 cxd5 6. Nc3 Nc6 7. Nf3 Bg7 8. 0-0 0-0 9. Ne5 Bf5 10. Bf4 Rc8 11. Rc1 Qa5 12. Nxc6 Rxc6 13. Be5 e6 14. f3 g5 15. Qd2 h6 16. h4 gxh4 17. gxh4 Nh5 18. Bxg7 Kxg7 19. e4 Bg6 20. Qf2 Rfc8 21. exd5 exd5 22. f4 Be4 23. f5 Nf6 24. Nxe4 dxe4 25. Rxc6 Rxc6 26. Bxe4 Nxe4 27. Qg2+ Kf8 28. Qxe4 Qc7 29. Qe5 Qxe5 30. dxe5 Rc5 31. e6 Ke7 32. exf7 Kxf7 33. b4 Rc4 34. a3 Rxh4 35. Rc1 Kf6 36. Rc7 Rg4+ 37. Kh2 Rg7 38. Rc5 Rf7 39. Kg3 Kg5 40. a4 a6 41. Rc8 Kxf5 42. b5 axb5 43. Rc5+ Ke4 44. Rxb5 Ke3 45. Kh4 Kf4 46. Rb6 Ke5 47. Kh5 Rh7 48. Kg6 Rc7 49. Rb5+ Kd6 50. Kxh6 Kc6 51. Rb4 Rf7 52. Kg5 Kc7 53. a5 Rf1 54. Ra4 Kb8 55. a6 b6 56. a7+ Ka8 57. Ra6 Rf7 1/2-1/2

[Event "HUN-chT2 Charousek 1213"]
[Site "Hungary"]
[Date "2013.01.27"]
[Round "6"]
[White "Bodi, Tibor"]
[Black "Bubits, Bence"]
[Result "0-1"]
[WhiteElo "2038"]
[BlackElo "2145"]
[PlyCount "74"]
[EventDate "2012.09.16"]
[EventType "team-tourn"]
[EventRounds "11"]
[EventCountry "HUN"]
[SourceTitle "EXT 2014"]
[Source "ChessBase"]
[SourceDate "2013.11.20"]
[SourceVersion "1"]
[SourceVersionDate "2013.11.20"]
[SourceQuality "1"]
[WhiteTeam "Kobanya Aquarena"]
[BlackTeam "Csuti"]
[WhiteTeamCountry "HUN"]
[BlackTeamCountry "HUN"]

1. e4 c5 2. Nf3 Nc6 3. d4 cxd4 4. Nxd4 e5 5. Nb3 Nf6 6. Bd3 d5 7. exd5 Nxd5 8. 0-0 Be7 9. N1d2 0-0 10. c4 Nf4 11. Be4 f5 12. Bxc6 bxc6 13. Nf3 Nd3 14. Qe2 e4 15. Ne1 Ba6 16. Nd2 Nf4 17. Qd1 Bxc4 18. Qc2 Bxf1 19. Nxf1 Bg5 20. Bxf4 Bxf4 21. Qxc6 Kh8 22. Qa4 Qb6 23. b3 Rfd8 24. Qc4 Qd4 25. Qxd4 Rxd4 26. Nc2 Rd7 27. g3 Be5 28. Rb1 g5 29. Nfe3 Rd2 30. Nb4 Bd4 31. Rf1 Bxe3 32. fxe3 Rc8 33. Rxf5 a5 34. Na6 Rc1+ 35. Rf1 Rc6 36. Nb8 Rc8 37. Na6 Rd6 0-1

[Event "HUN-chT2 Charousek 1213"]
[Site "Hungary"]
[Date "2012.12.02"]
[Round "5"]
[White "Frank, Jozsef"]
[Black "Bubits, Bence"]
[Result "0-1"]
[WhiteElo "2144"]
[BlackElo "2145"]
[PlyCount "100"]
[EventDate "2012.09.16"]
[EventType "team-tourn"]
[EventRounds "11"]
[EventCountry "HUN"]
[SourceTitle "EXT 2014"]
[Source "ChessBase"]
[SourceDate "2013.11.20"]
[SourceVersion "1"]
[SourceVersionDate "2013.11.20"]
[SourceQuality "1"]
[WhiteTeam "Gyor"]
[BlackTeam "Csuti"]
[WhiteTeamCountry "HUN"]
[BlackTeamCountry "HUN"]

1. e4 c5 2. g3 Nc6 3. Bg2 g6 4. Ne2 Bg7 5. c3 e5 6. 0-0 Nge7 7. d3 0-0 8. Bg5 h6 9. Be3 d6 10. Qd2 Kh7 11. d4 exd4 12. cxd4 cxd4 13. Nxd4 Ne5 14. Na3 d5 15. Rad1 dxe4 16. Bxe4 Bh3 17. Rfe1 Nd5 18. Ndb5 Nxe3 19. Qxe3 Qa5 20. Nd6 Ng4 21. Qe2 Qb4 22. Nac4 Rad8 23. a3 Qa4 24. Bf3 Nf6 25. Bxb7 Ne8 26. Bf3 Be6 27. h4 Qb3 28. h5 Nxd6 29. Nxd6 Qxb2 30. Qd3 Qb3 31. Qe4 Qxa3 32. Re3 Qa2 33. Kg2 Bb3 34. Rdd3 Bc2 35. hxg6+ fxg6 36. Ra3 Bxe4 37. Rxa2 Bxf3+ 38. Rxf3 Rxf3 39. Kxf3 Rxd6 40. Rxa7 h5 41. Kg2 Kh6 42. Kh3 Rd2 43. f4 Bd4 44. Ra6 Bg1 45. g4 Rh2+ 46. Kg3 h4+ 47. Kf3 Rf2+ 48. Ke4 h3 49. f5 h2 50. Rxg6+ Kh7 0-1

[Event "HUN-chT2 Charousek 1213"]
[Site "Hungary"]
[Date "2012.09.16"]
[Round "1"]
[White "Bubits, Bence"]
[Black "Berta, Tibor"]
[Result "1/2-1/2"]
[WhiteElo "2145"]
[BlackElo "2109"]
[PlyCount "130"]
[EventDate "2012.09.16"]
[EventType "team-tourn"]
[EventRounds "11"]
[EventCountry "HUN"]
[SourceTitle "EXT 2014"]
[Source "ChessBase"]
[SourceDate "2013.11.20"]
[SourceVersion "1"]
[SourceVersionDate "2013.11.20"]
[SourceQuality "1"]
[WhiteTeam "Csuti"]
[BlackTeam "Paks II"]
[WhiteTeamCountry "HUN"]
[BlackTeamCountry "HUN"]

1. d4 Nf6 2. g3 e6 3. Bg2 d5 4. Nf3 Be7 5. c4 c6 6. Nc3 0-0 7. 0-0 b6 8. Nd2 Bb7 9. e4 dxe4 10. Ndxe4 Nbd7 11. Be3 Nxe4 12. Nxe4 Nf6 13. Nc3 Qd7 14. Qb3 Rfd8 15. Rfd1 h6 16. h3 Rac8 17. a4 Qc7 18. Rdc1 Ba8 19. d5 Qd7 20. dxe6 Qxe6 21. Re1 Qd7 22. a5 c5 23. Red1 Qe6 24. Nd5 Nxd5 25. cxd5 Qf6 26. axb6 Qxb6 27. Qxb6 axb6 28. d6 Bf6 29. d7 Rb8 30. Bf4 Bxg2 31. Bxb8 Bxh3 32. Bc7 Rxd7 33. Rxd7 Bxd7 34. Bxb6 Bxb2 35. Ra7 Be6 36. Bxc5 Kh7 37. f3 h5 38. Be3 Kg6 39. Ra5 Bf6 40. Kf2 Bd8 41. Rb5 Be7 42. Bd4 Bd8 43. Rb8 Be7 44. Rg8 Bf6 45. Be3 Kh7 46. Ra8 Be7 47. Bd4 Bd6 48. f4 Bb4 49. Rb8 Bd6 50. Rb5 Bg4 51. Rg5 f6 52. Rd5 Bb4 53. Rb5 Ba3 54. Ke3 Bd6 55. Ke4 Ba3 56. Kd5 Kg6 57. Rb3 Be7 58. Kc6 Kf7 59. Bb6 g5 60. Bf2 Bh3 61. Rb5 Bf1 62. Ra5 Bg2+ 63. Kd7 gxf4 64. Rxh5 fxg3 65. Bxg3 Bb4 1/2-1/2

[Event "Zalakaros op 31st"]
[Site "Zalakaros"]
[Date "2012.06.15"]
[Round "8"]
[White "Kiss, Judit"]
[Black "Bubits, Bence"]
[Result "0-1"]
[WhiteElo "2016"]
[BlackElo "2151"]
[PlyCount "52"]
[EventDate "2012.06.08"]
[EventType "swiss"]
[EventRounds "9"]
[EventCountry "HUN"]
[SourceTitle "EXT 2014"]
[Source "ChessBase"]
[SourceDate "2013.11.20"]
[SourceVersion "1"]
[SourceVersionDate "2013.11.20"]
[SourceQuality "1"]

1. e4 c5 2. Nf3 Nc6 3. d4 cxd4 4. Nxd4 e5 5. Nb5 Nf6 6. N1c3 d6 7. Bg5 a6 8. Na3 b5 9. Nd5 Be7 10. Nxe7 Nxe7 11. Bxf6 gxf6 12. Bd3 d5 13. Qe2 Bb7 14. 0-0 Ng6 15. g3 b4 16. Nb5 axb5 17. Bxb5+ Kf8 18. Rfd1 d4 19. Qc4 Qe7 20. f3 Rc8 21. Qb3 Qc5 22. Bd3 Ne7 23. a4 Nc6 24. Qc4 Qxc4 25. Bxc4 Na5 26. Bd3 Ke7 0-1

[Event "Zalakaros op 31st"]
[Site "Zalakaros"]
[Date "2012.06.12"]
[Round "5"]
[White "Bubits, Bence"]
[Black "Vegh, Endre"]
[Result "0-1"]
[WhiteElo "2151"]
[BlackElo "2256"]
[PlyCount "72"]
[EventDate "2012.06.08"]
[EventType "swiss"]
[EventRounds "9"]
[EventCountry "HUN"]
[SourceTitle "EXT 2014"]
[Source "ChessBase"]
[SourceDate "2013.11.20"]
[SourceVersion "1"]
[SourceVersionDate "2013.11.20"]
[SourceQuality "1"]

1. d4 Nf6 2. g3 d5 3. c4 dxc4 4. Nc3 g6 5. Nf3 Bg7 6. Qa4+ Nfd7 7. Qxc4 Nb6 8. Qd3 0-0 9. Bg2 Nc6 10. 0-0 Nxd4 11. Nxd4 Qxd4 12. Qxd4 Bxd4 13. Nb5 Be5 14. f4 a6 15. fxe5 axb5 16. Bg5 Re8 17. b3 c6 18. Be3 Ra6 19. Rfd1 Be6 20. Rd2 Kg7 21. Rad1 Nd5 22. Bxd5 Bxd5 23. Rc1 Rea8 24. Rcc2 Kf8 25. Kf2 Ke8 26. Bg5 Be4 27. Rb2 c5 28. Ke3 Bf5 29. Kf4 Be6 30. Rdc2 c4 31. Kf3 Ra3 32. Kf2 Bf5 33. Rc3 Be6 34. Rcc2 Rd8 35. Be3 Ra6 36. Bd2 Rxd2 0-1

[Event "HUN-chT 1112"]
[Site "Hungary"]
[Date "2012.03.25"]
[Round "8"]
[White "Erdos, Boglarka"]
[Black "Bubits, Bence"]
[Result "1-0"]
[WhiteElo "2208"]
[BlackElo "2137"]
[PlyCount "73"]
[EventDate "2011.09.25"]
[EventType "team-tourn"]
[EventRounds "11"]
[EventCountry "HUN"]
[SourceTitle "EXT 2013"]
[Source "ChessBase"]
[SourceDate "2012.11.22"]
[SourceVersion "1"]
[SourceVersionDate "2012.11.22"]
[SourceQuality "1"]
[WhiteTeam "Mako"]
[BlackTeam "Csuti"]
[WhiteTeamCountry "HUN"]
[BlackTeamCountry "HUN"]

1. e4 c5 2. Nf3 Nc6 3. Be2 e5 4. Nc3 g6 5. 0-0 Bg7 6. Bc4 Nge7 7. d3 0-0 8. Be3 Nd4 9. Nd5 h6 10. c3 Nxf3+ 11. Qxf3 d6 12. Qg3 Kh7 13. f4 f5 14. fxe5 Nxd5 15. Bxd5 Bxe5 16. Bf4 Bxf4 17. Qxf4 g5 18. Qf2 f4 19. Rae1 Qf6 20. d4 cxd4 21. cxd4 Qg7 22. e5 dxe5 23. Rxe5 g4 24. g3 f3 25. Rfe1 Kh8 26. Re7 Qf6 27. Rc7 Bf5 28. Bxb7 Rad8 29. d5 Bd3 30. Re6 Qg5 31. Qd4+ Kg8 32. Qxd3 Rf7 33. Rg6+ Kh8 34. Rxg5 Rxc7 35. Qd4+ Kh7 36. Qe4+ Kh8 37. Qe5+ 1-0

[Event "HUN-ch U18"]
[Site "Celldoemoelk"]
[Date "2011.06.29"]
[Round "3"]
[White "Balogh, David"]
[Black "Bubits, Bence"]
[Result "1-0"]
[WhiteElo "1986"]
[BlackElo "2099"]
[PlyCount "87"]
[EventDate "2011.06.27"]
[EventType "swiss"]
[EventRounds "7"]
[EventCountry "HUN"]
[SourceTitle "EXT 2012"]
[Source "ChessBase"]
[SourceDate "2011.11.24"]
[SourceVersion "1"]
[SourceVersionDate "2011.11.24"]
[SourceQuality "1"]

1. d4 Nf6 2. Bg5 c6 3. Bxf6 exf6 4. e3 Qb6 5. b3 d5 6. g3 Be6 7. Bg2 f5 8. Ne2 Bd6 9. 0-0 Nd7 10. Qd3 Rd8 11. Nd2 h5 12. c4 Qa6 13. Rfc1 Bb4 14. Nc3 Nb6 15. Bf1 Qa3 16. cxd5 Bxc3 17. Qxc3 Bxd5 18. Nc4 Qe7 19. Bg2 h4 20. Qd3 hxg3 21. hxg3 Qe6 22. f3 Nd7 23. Kf2 Qf6 24. Qxf5 Ke7 25. Qxf6+ Nxf6 26. Na5 Rh2 27. Kg1 Rdh8 28. e4 Be6 29. Nxb7 Bd7 30. Na5 g5 31. g4 Bxg4 32. Nxc6+ Kf8 33. fxg4 Nxg4 34. Rc3 Kg7 35. Rg3 R2h4 36. Ne5 Nxe5 37. dxe5 g4 38. Rf1 Rc8 39. Rf4 Rc1+ 40. Bf1 f5 41. exf5 Kf7 42. Rfxg4 Rh7 43. Rc4 Rxc4 44. Bxc4+ 1-0

[Event "HUN-chT 1011"]
[Site "Hungary"]
[Date "2011.05.15"]
[Round "11"]
[White "Restas, Peter"]
[Black "Bubits, Bence"]
[Result "0-1"]
[WhiteElo "2275"]
[BlackElo "2072"]
[PlyCount "46"]
[EventDate "2010.10.10"]
[EventType "team-tourn"]
[EventRounds "11"]
[EventCountry "HUN"]
[SourceTitle "EXT 2012"]
[Source "ChessBase"]
[SourceDate "2011.11.24"]
[SourceVersion "1"]
[SourceVersionDate "2011.11.24"]
[SourceQuality "1"]
[WhiteTeam "Mako"]
[BlackTeam "Csuti"]
[WhiteTeamCountry "HUN"]
[BlackTeamCountry "HUN"]

1. d4 Nf6 2. Nf3 g6 3. g3 d5 4. Bg2 c6 5. 0-0 Bg7 6. c4 0-0 7. Qa4 Nbd7 8. cxd5 Nb6 9. Qa3 cxd5 10. Nc3 Bf5 11. Bf4 Ne4 12. Rfd1 Nxc3 13. Qxc3 Rc8 14. Qa5 Nc4 15. Qxd8 Rfxd8 16. b3 Na3 17. Rac1 Bc2 18. Re1 Be4 19. Bc7 Re8 20. e3 Nc2 21. Rxc2 Bxc2 22. Rc1 Rxc7 23. Ne1 Rec8 0-1

[Event "HUN-chT 1011"]
[Site "Hungary"]
[Date "2011.02.20"]
[Round "6"]
[White "Bubits, Bence"]
[Black "Kis, Bela"]
[Result "1-0"]
[WhiteElo "2072"]
[BlackElo "2041"]
[PlyCount "65"]
[EventDate "2010.10.10"]
[EventType "team-tourn"]
[EventRounds "11"]
[EventCountry "HUN"]
[SourceTitle "EXT 2012"]
[Source "ChessBase"]
[SourceDate "2011.11.24"]
[SourceVersion "1"]
[SourceVersionDate "2011.11.24"]
[SourceQuality "1"]
[WhiteTeam "Csuti"]
[BlackTeam "Vasas"]
[WhiteTeamCountry "HUN"]
[BlackTeamCountry "HUN"]

1. d4 Nf6 2. g3 g6 3. Bg2 Bg7 4. e4 d6 5. Ne2 c5 6. 0-0 Na6 7. Nbc3 0-0 8. h3 Rb8 9. a4 cxd4 10. Nxd4 Nc5 11. Be3 Bd7 12. b4 Ne6 13. Nxe6 Bxe6 14. Bxa7 Nd7 15. Bd4 Rc8 16. Bxg7 Kxg7 17. Ne2 Qb6 18. Qd2 Ne5 19. a5 Qa7 20. Kh1 Bc4 21. f4 Bxe2 22. Qxe2 Nc4 23. Rf3 b6 24. Qf2 Qa8 25. Rc3 bxa5 26. bxa5 e5 27. a6 Rc7 28. Ra4 Rfc8 29. Bf1 Qxe4+ 30. Bg2 Qf5 31. a7 Nb6 32. Rxc7 Rxc7 33. Qxb6 1-0

[Event "HUN-chT U18"]
[Site "Miskolc"]
[Date "2010.11.02"]
[Round "1.10"]
[White "Bubits, Bence"]
[Black "Mate, Levente"]
[Result "1-0"]
[WhiteElo "2072"]
[BlackElo "1561"]
[PlyCount "109"]
[EventDate "2010.11.02"]
[EventType "team-swiss"]
[EventRounds "8"]
[EventCountry "HUN"]
[SourceTitle "EXT 2016"]
[Source "ChessBase"]
[SourceDate "2015.10.08"]
[SourceVersion "1"]
[SourceVersionDate "2015.10.08"]
[SourceQuality "1"]

1. d4 d6 2. g3 g6 3. Bg2 Bg7 4. e4 a6 5. a4 Nd7 6. Ne2 c5 7. Be3 Qb6 8. Nbc3 e6 9. 0-0 cxd4 10. Bxd4 Bxd4 11. Qxd4 e5 12. Qxb6 Nxb6 13. Rfd1 Ke7 14. a5 Nd7 15. Nd5+ Kd8 16. Ne3 Kc7 17. Nc4 b5 18. Nxd6 Nh6 19. Bh3 Rd8 20. Nc3 g5 21. Nd5+ Kb8 22. Nxc8 g4 23. Nce7 Kb7 24. Bg2 Nc5 25. Nf5 Ng8 26. Nb6 Rab8 27. Rd5 Kc6 28. Rad1 Nb7 29. Nd7 Ra8 30. Nxe5+ Kc7 31. Rd7+ Kc8 32. Nd6+ Nxd6 33. Rxd8+ Kxd8 34. Rxd6+ Ke7 35. Rb6 Nf6 36. Nc6+ Kd7 37. e5 Nh5 38. Nb8+ Rxb8 39. Rxb8 Ke6 40. Re8+ Kf5 41. h3 gxh3 42. Bxh3+ Ke4 43. Rg8 h6 44. Bg4 Nxg3 45. fxg3 Ke3 46. Rf8 Kd2 47. Rxf7 Kxc2 48. e6 Kxb2 49. Rf3 b4 50. e7 h5 51. e8Q b3 52. Qc6 hxg4 53. Qc3+ Kb1 54. Rf1+ Ka2 55. Ra1# 1-0

[Event "HUN-chT2 Charousek 1011"]
[Site "Hungary"]
[Date "2010.10.10"]
[Round "3"]
[White "Bubits, Bence"]
[Black "Ivan, Attila"]
[Result "1/2-1/2"]
[WhiteElo "2072"]
[BlackElo "2268"]
[PlyCount "82"]
[EventDate "2010.09.12"]
[EventType "team-tourn"]
[EventRounds "11"]
[EventCountry "HUN"]
[SourceTitle "EXT 2012"]
[Source "ChessBase"]
[SourceDate "2011.11.24"]
[SourceVersion "1"]
[SourceVersionDate "2011.11.24"]
[SourceQuality "1"]
[WhiteTeam "Csuti II"]
[BlackTeam "Pannonpower"]
[WhiteTeamCountry "HUN"]
[BlackTeamCountry "HUN"]

1. d4 Nf6 2. Nf3 g6 3. g3 Bg7 4. Bg2 0-0 5. 0-0 d6 6. c4 Nc6 7. Nc3 e5 8. d5 Ne7 9. Ne1 Nd7 10. Nd3 f5 11. e4 Nf6 12. b4 fxe4 13. Nxe4 Nxe4 14. Bxe4 Bh3 15. Re1 Nf5 16. Bb2 Nd4 17. Bxd4 exd4 18. Nf4 Rxf4 19. gxf4 Qf6 20. Qf3 Bd7 21. Kh1 Rf8 22. f5 Qg5 23. Qg3 Qh6 24. f4 Bxf5 25. Bxf5 Rxf5 26. Re8+ Bf8 27. Re4 Rh5 28. Rf1 Rh3 29. Qg2 Bg7 30. Rf3 Rh4 31. Qf2 Qh5 32. Re8+ Kf7 33. Rc8 Rxh2+ 34. Qxh2 Qxf3+ 35. Qg2 Qh5+ 36. Kg1 Qd1+ 37. Kh2 d3 38. Rxc7+ Kf8 39. Rc8+ Kf7 40. Rc7+ Kf8 41. Rc8+ Kf7 1/2-1/2

[Event "HUN-chT2 Charousek 1011"]
[Site "Hungary"]
[Date "2010.09.26"]
[Round "2"]
[White "Gadacsi, Miklos Jr"]
[Black "Bubits, Bence"]
[Result "0-1"]
[WhiteElo "2142"]
[BlackElo "2072"]
[PlyCount "146"]
[EventDate "2010.09.12"]
[EventType "team-tourn"]
[EventRounds "11"]
[EventCountry "HUN"]
[SourceTitle "EXT 2012"]
[Source "ChessBase"]
[SourceDate "2011.11.24"]
[SourceVersion "1"]
[SourceVersionDate "2011.11.24"]
[SourceQuality "1"]
[WhiteTeam "Tapolca"]
[BlackTeam "Csuti II"]
[WhiteTeamCountry "HUN"]
[BlackTeamCountry "HUN"]

1. e4 c5 2. Nf3 Nc6 3. Bb5 g6 4. 0-0 Bg7 5. c3 Nf6 6. Re1 0-0 7. h3 Qb6 8. Ba4 Rd8 9. e5 Nd5 10. Bb3 e6 11. d4 d6 12. Bg5 Rf8 13. Nbd2 cxd4 14. Nc4 Qa6 15. cxd4 dxe5 16. dxe5 h6 17. Bh4 b5 18. Ne3 Nxe3 19. Rxe3 g5 20. Bg3 Bb7 21. Rc1 Rad8 22. Rd3 Rxd3 23. Qxd3 Rd8 24. Qe3 Ne7 25. Nh2 Nf5 26. Qe1 Ba8 27. f3 Nxg3 28. Qxg3 Rd2 29. Ng4 Qb6+ 30. Kh1 Bb7 31. Nf6+ Kh8 32. h4 Qe3 33. hxg5 Rxg2 34. Kxg2 Qd2+ 35. Kh3 Qxc1 36. gxh6 Qh1+ 37. Kg4 Qxh6 38. Qh4 Bxf3+ 39. Kh3 Bg2+ 40. Kg3 Bf1 41. Bc2 Qxh4+ 42. Kxh4 Bh6 43. Kg3 Be3 44. b3 Be2 45. Be4 b4 46. Ne8 Kg8 47. Nd6 Kg7 48. Nc4 Bg1 49. Na5 Bb6 50. Nc4 Bxc4 51. bxc4 Bc7 52. Kf3 Bxe5 53. Ke3 Bh2 54. Bg2 Bg1+ 55. Ke4 Kf6 56. Bh3 Ke7 57. Kd3 f5 58. Ke2 Kd6 59. Kd3 Ke5 60. Bg2 Kf4 61. Bb7 e5 62. Ke2 Bc5 63. Bd5 e4 64. Bc6 Ke5 65. Bd5 f4 66. Bc6 Kd4 67. Bd5 f3+ 68. Ke1 a5 69. Bc6 Ke3 70. Kf1 Kf4 71. Ke1 e3 72. Ba4 e2 73. Bc6 Ke3 0-1

[Event "HUN-ch U16"]
[Site "Budapest"]
[Date "2010.07.02"]
[Round "7"]
[White "Straubinger, Daniel"]
[Black "Bubits, Bence"]
[Result "1-0"]
[WhiteElo "2196"]
[BlackElo "2063"]
[PlyCount "85"]
[EventDate "2010.06.26"]
[EventType "swiss"]
[EventRounds "9"]
[EventCountry "HUN"]
[SourceTitle "CBM 137 Extra"]
[Source "ChessBase"]
[SourceDate "2010.09.01"]
[SourceVersion "1"]
[SourceVersionDate "2010.09.01"]
[SourceQuality "1"]

1. e4 c5 2. Nf3 Nc6 3. d4 cxd4 4. Nxd4 e5 5. Nb5 Nf6 6. N1c3 d6 7. Bg5 a6 8. Na3 b5 9. Nd5 Be7 10. Bxf6 Bxf6 11. c4 b4 12. Nc2 a5 13. g3 Bg5 14. h4 Bh6 15. Bh3 Bb7 16. 0-0 g6 17. Qd3 0-0 18. Rad1 Nb8 19. a3 bxa3 20. Nxa3 Na6 21. Nb5 Nc5 22. Qc2 Ra6 23. Rfe1 Kh8 24. b3 Rg8 25. Bg4 f5 26. exf5 gxf5 27. Bxf5 Qxh4 28. Kg2 Bf4 29. Qc3 Qg5 30. Bc2 Qg4 31. Rh1 Rg7 32. Qf3 Qxf3+ 33. Kxf3 Bg5 34. Ke2 a4 35. b4 Ne6 36. Ra1 Bxd5 37. cxd5 Rb7 38. dxe6 Rxb5 39. Bd3 Rbb6 40. Bxa6 Rxa6 41. b5 Ra7 42. b6 Rb7 43. Rhb1 1-0